000
00255ngm a2200085 454500
008
180718b xxu||||| |||| 00| 0 eng d
245
_a
Strategic management competitiveness and globalization: concepts and cases
250
_a
6th edn.
260
_a
_b
South-Western
_c
999
_c
447262
_d
447262